=LDR 00000nam 2200000 4500 =001 INLIS000000000810235 =005 20251118102455 =035 ##$$a 0010-1125000089 =007 ta =008 251118###########################0###### =245 ##$$a Syarah Ushul Tsalatsah : $b mengenal Allah Rasul dan Dinul islam /$c Muhammad bin Shaleh Al utsaimin =260 ##$$a Solo :$b Insan Kamil,$c 2022 =700 #$$a Syaikh Sholahuddin mahmud =082 ##$$a 297.211 =084 ##$$a 297.211 UTS s